Problems for Computer Solution (Record no. 1911)
[ view plain ]
| 005 - DATE AND TIME OF LATEST TRANSACTION | |
|---|---|
| control field | 20250505113047.0 |
| 020 ## - INTERNATIONAL STANDARD BOOK NUMBER | |
| International Standard Book Number | 0-916688-13-5 |
| 082 ## - DEWEY DECIMAL CLASSIFICATION NUMBER | |
| Classification number | LECT 001.642 ROG |
| 100 ## - MAIN ENTRY--PERSONAL NAME | |
| Author name | ROGOWSKI, S, J. |
| 245 ## - TITLE STATEMENT | |
| Title | Problems for Computer Solution |
| 260 ## - PUBLICATION, DISTRIBUTION, ETC. | |
| Place of publication, distribution, etc. | New Jersey, |
| Name of publisher, distributor, etc. | Creative Computing Press, |
| Date of publication, distribution, etc. | 1979. |
| 300 ## - PHYSICAL DESCRIPTION | |
| Extent | iv,106p.: ill.; graphs, figures, pictures, tables, |
| Other physical details | Bibliography, |
| Dimensions | 27cm |
| 942 ## - ADDED ENTRY ELEMENTS (KOHA) | |
| Source of classification or shelving scheme | Dewey Decimal Classification |
| Koha item type | Books |
| Date last seen | Total checkouts | Full call number | Barcode | Cost, replacement price | Price effective from | Koha item type | Lost status | Source of classification or shelving scheme | Damaged status | Not for loan | Withdrawn status | Home library | Current library | Shelving location | Date acquired | Cost, normal purchase price |
|---|---|---|---|---|---|---|---|---|---|---|---|---|---|---|---|---|
| 05/05/2025 | LECT 001.642 ROG | 0000007389 | 30000.00 | 05/05/2025 | Books | Dewey Decimal Classification | College of Business Education Main Library | College of Business Education Main Library | General Collection | 11/21/2006 | 10000.00 | |||||
| 05/05/2025 | LECT 001.642 ROG | 0000007390 | 30000.00 | 05/05/2025 | Books | Dewey Decimal Classification | College of Business Education Main Library | College of Business Education Main Library | General Collection | 11/21/2006 | 10000.00 | |||||
| 05/05/2025 | LECT 001.642 ROG | 0000007391 | 30000.00 | 05/05/2025 | Books | Dewey Decimal Classification | College of Business Education Main Library | College of Business Education Main Library | General Collection | 11/21/2006 | 10000.00 |
